Loading...
Indian industrialisation /
| Main Author: | |
|---|---|
| Language: | Undetermined |
| Published: |
New Delhi :
PHI ,
1990.
|
| LEADER | 00452nam a2200133Ia 4500 | ||
|---|---|---|---|
| 001 | 108537 | ||
| 008 | 170722s9999 xx 000 0 und d | ||
| 100 | |a Ray, Sk | ||
| 245 | |a Indian industrialisation / | ||
| 260 | |a New Delhi : |b PHI , |c 1990. | ||
| 300 | |a Ppxxiv, 654 |c 23.5cms | ||
| 942 | |c GEN | ||
| 999 | |c 111482 |d 111482 | ||
| 952 | |0 0 |1 0 |4 0 |6 X_8A_2_000000000000000_N8_N0 |7 0 |8 LC1 |9 157073 |a LIB |b LIB |d 2017-08-12 |h LC1 |o X8(A).2.N8 N0 |p 211131 |r 2017-08-12 |v 150.00 |w 2017-08-12 |y GEN | ||